000 00272nam a22001337a 4500
008 180221b xxu||||| |||| 00| 0 eng d
020 _a9781840673005
041 _aeng
080 _a2
100 _a24
101 _ateo
245 _abuddihism
_croy.g
942 _2udc
_cBK
999 _c43069
_d43069